000 00694nam a22001577a 4500
003 OSt
005 20150925092122.0
008 150925b xxu||||| |||| 00| 0 eng d
040 _cRUA
082 _aAGR CHH 2012 B052 Or.1
100 _91300
_aCHHEANG CHETRA
245 _aEffect of colr netting on growing of chine kale at royal university of agriculture,(ឥទ្ធិពលនៃពណ៎ស្បៃមុខទៅលើការលូតលាស់របស់ដំណាំខាត់ណាដើម នៅសាកលវិទ្យាល័យភូមិន្ទកសិកម្ម)
260 _aphnom penh
_bRUA
_c2012
300 _axi, 34p.
_cill.
_g29cm.
942 _2ddc
_cAGR
999 _c1231
_d1231